A curriculum for an information society : (Record no. 12620)
[ view plain ]
| 000 -LEADER | |
|---|---|
| fixed length control field | 00919nam a22002537a 4500 |
| 003 - CONTROL NUMBER IDENTIFIER | |
| control field | OSt |
| 005 - DATE AND TIME OF LATEST TRANSACTION | |
| control field | 20160531151859.0 |
| 008 - FIXED-LENGTH DATA ELEMENTS--GENERAL INFORMATION | |
| fixed length control field | 131002t xxu||||| |||| 00| 0 eng d |
| 020 ## - INTERNATIONAL STANDARD BOOK NUMBER | |
| International Standard Book Number | 9746801295 |
| 050 ## - LIBRARY OF CONGRESS CALL NUMBER | |
| Classification number | HM 221 |
| Item number | .C976 1998 |
| 082 ## - DEWEY DECIMAL CLASSIFICATION NUMBER | |
| Classification number | GLT 375.02 |
| Item number | Un3 1998 |
| 100 ## - MAIN ENTRY--PERSONAL NAME | |
| Personal name | Moore, Nick. |
| 9 (RLIN) | 22709 |
| 110 ## - MAIN ENTRY--CORPORATE NAME | |
| Corporate name or jurisdiction name as entry element | Unesco Principal Regional Office for Asia and the Pacific; |
| 9 (RLIN) | 22690 |
| 245 ## - TITLE STATEMENT | |
| Title | A curriculum for an information society : |
| Remainder of title | educating and training information professionals in the Asia-Pacific region. Bangkok, UNESCO PROAP, 1998 / |
| 260 ## - PUBLICATION, DISTRIBUTION, ETC. (IMPRINT) | |
| Place of publication, distribution, etc | Thailand : |
| Name of publisher, distributor, etc | Information and Informatics Unit, |
| Date of publication, distribution, etc | 1998 |
| 300 ## - PHYSICAL DESCRIPTION | |
| Extent | 97 p. : |
| Other physical details | ill. ; |
| Dimensions | 28 cm. |
| 650 ## - SUBJECT ADDED ENTRY--TOPICAL TERM | |
| Topical term or geographic name as entry element | Information Science Education |
| 9 (RLIN) | 22710 |
| 650 ## - SUBJECT ADDED ENTRY--TOPICAL TERM | |
| Topical term or geographic name as entry element | Information/Library Profession |
| 9 (RLIN) | 22711 |
| 650 ## - SUBJECT ADDED ENTRY--TOPICAL TERM | |
| Topical term or geographic name as entry element | Information Society |
| 9 (RLIN) | 10274 |
| 650 ## - SUBJECT ADDED ENTRY--TOPICAL TERM | |
| Topical term or geographic name as entry element | Curriculum |
| 9 (RLIN) | 2623 |
| 700 ## - ADDED ENTRY--PERSONAL NAME | |
| Personal name | Henninger, Maureen. |
| 9 (RLIN) | 22712 |
| 942 ## - ADDED ENTRY ELEMENTS (KOHA) | |
| Source of classification or shelving scheme | Library of Congress Classification |
| Koha item type | Books |
| Withdrawn status | Lost status | Source of classification or shelving scheme | Damaged status | Home library | Current library | Shelving location | Date acquired | Source of acquisition | Total Checkouts | Full call number | Barcode | Date last seen | Copy number | Price effective from | Koha item type |
|---|---|---|---|---|---|---|---|---|---|---|---|---|---|---|---|
| Library of Congress Classification | Luxembourg Library | Luxembourg Library | Genevive Ledesma - Tan Section | 10/02/2013 | Donation | HM 221 .C976 1998 | 9641 | 10/02/2013 | 1 | 10/02/2013 | Books |